Massenmedien und Die Integration Ethnischer Minderheiten in Deutschland : Problemaufriss - Forschungsstand - Bibliographie.

Gegenwärtig findet in Deutschland ein sozialer Umbruch statt: Der Anteil der Migranten an der Bevölkerung ist stark gewachsen und er wird noch weiter wachsen. Die Gesellschaft steht vor der Herausforderung, diese ethnischen Minderheiten zu integrieren. Massenmedien, die sich aufgrund ihrer Ausdiffer...

Full description

Bibliographic Details
Main Author: Geißler, Rainer
Corporate Author: Walter de Gruyter & Co
Other Authors: Pöttker, Horst
Format: eBook
Language:German
Language Notes:German.
Published: Bielefeld : Transcript Verlag, 2015.
Series:Medienumbrüche Ser.
Subjects:
Online Access:Connect to the full text of this electronic book

MARC

Tag First Indicator Second Indicator Subfields
LEADER 00000cam a2200000 i 4500
001 in00005685321
005 20260212195251.5
006 m o d
007 cr |n|---|||||
008 180825s2015 gw o 000 0 ger d
040 |a EBLCP  |b eng  |e pn  |c EBLCP  |d OCLCQ  |d FIE  |d OCLCQ  |d VT2  |d OCLCO  |d OCLCF  |d YDX  |d FWR  |d OCLCO  |d N$T  |d OCLCQ  |d OCLCO  |d OCLCL  |d OCLCQ  |d SXB  |d OCLCQ  |d DEGRU 
019 |a 1294124427  |a 1294135897  |a 1294221295  |a 1294287642  |a 1295859970  |a 1295861035 
020 |a 3839402808 
020 |a 9783839402801  |q (electronic bk.) 
024 7 |a 10.14361/9783839402801  |2 doi 
035 |a (OCoLC)1049913113  |z (OCoLC)1294124427  |z (OCoLC)1294135897  |z (OCoLC)1294221295  |z (OCoLC)1294287642  |z (OCoLC)1295859970  |z (OCoLC)1295861035 
050 4 |a P94.5.M552 
072 7 |a JFD  |2 bicssc 
082 0 4 |a 302.23/08693  |2 22 
049 |a TXAM 
100 1 |a Geißler, Rainer. 
245 1 0 |a Massenmedien und Die Integration Ethnischer Minderheiten in Deutschland :  |b Problemaufriss - Forschungsstand - Bibliographie. 
260 |a Bielefeld :  |b Transcript Verlag,  |c 2015. 
300 |a 1 online resource (544 pages) 
336 |a text  |b txt  |2 rdacontent 
337 |a computer  |b c  |2 rdamedia 
338 |a online resource  |b cr  |2 rdacarrier 
490 1 |a Medienumbrüche Ser. ;  |v v. 9 
588 0 |a Print version record. 
505 0 |a Intro; Inhalt; Einleitung; Teil 1: Integration und mediale Integration; Vom Gastarbeiterland zum EinwanderungslandHerausforderungen an das Mediensystem; Soziale IntegrationEin Schlüsselbegriff für die Forschung über Medien und ethnische Minderheiten; Interkulturelle Integration von Migranten -- ein humaner Mittelweg zwischen Assimilation und Segregation; Teil 2: Ethnische Minderheiten und deutsche Massenmedien; Die Darstellung ethnischer Minderheiten in deutschen Massenmedien; Die Wirkungen der Präsentation ethnischer Minderheiten in deutschen Medien. 
505 8 |a Diskriminierungsverbote und Beschwerdepraxis des Deutschen Presserats -- eine quantitative und qualitative AnalyseEthnische Minderheiten in der Medienproduktion; Teil 3: Ethnomedien; Die Entwicklung ethnischer MedienkulturenEin Vor schlag zur Periodisierung; Die Inhalte der Ethnomedien unter dem Gesichtspunkt der Integration; Teil 4: Mediennutzung von ethnischen Minderheiten; Die Mediennutzung der ethnischen Minderheiten; Bilanz; Bilanz; Anhang; Hinweise zur Bibliographie: Kriterien, Benutzung, Tendenzen. 
505 8 |a Bibliographie: and#x201E;Massenmedien und die Integration ethnischer Minderheiten in Deutschland"Sachregister; Autorin und Autoren 
520 |a Gegenwärtig findet in Deutschland ein sozialer Umbruch statt: Der Anteil der Migranten an der Bevölkerung ist stark gewachsen und er wird noch weiter wachsen. Die Gesellschaft steht vor der Herausforderung, diese ethnischen Minderheiten zu integrieren. Massenmedien, die sich aufgrund ihrer Ausdifferenzierung ebenfalls in einem Umbruch befinden, spielen bei diesem Integrationsprozess eine wichtige Rolle. Der Band klärt das umstrittene Konzept der Integration durch Massenmedien, gibt einen Überblick über den Forschungsstand und enthält eine auf Vollständigkeit angelegte Bibliographie der wissenschaftlichen Literatur zum Thema Medien und Integration von Migranten.--  |c Provided by publisher. 
546 |a German. 
650 0 |a Immigrants. 
650 0 |a Mass media and minorities. 
650 0 |a Social integration. 
650 4 |a Integration. 
650 4 |a Interculturalism. 
650 4 |a Interkulturalität. 
650 4 |a Journalismus. 
650 4 |a Medien. 
650 4 |a Mediensoziologie. 
650 4 |a Migration. 
650 4 |a Sociology of Media. 
650 4 |a Sociology. 
650 4 |a Soziologie. 
650 6 |a Médias et minorités. 
650 6 |a Intégration sociale. 
650 7 |a Media studies.  |2 bicssc 
650 7 |a SOCIAL SCIENCE / Popular Culture.  |2 bisacsh 
650 7 |a SOCIAL SCIENCE / Media Studies.  |2 bisacsh 
650 7 |a Immigrants  |2 fast 
650 7 |a Mass media and minorities  |2 fast 
650 7 |a Social integration  |2 fast 
653 |a Interculturalism. 
653 |a Migration. 
653 |a Sociology of Media. 
653 |a Sociology. 
655 7 |a Electronic books.  |2 local 
700 1 |a Pöttker, Horst. 
710 2 |a Walter de Gruyter & Co. 
776 0 8 |i Print version:  |a Geißler, Rainer.  |t Massenmedien und Die Integration Ethnischer Minderheiten in Deutschland : Problemaufriss - Forschungsstand - Bibliographie.  |d Bielefeld : Transcript Verlag, ©2015 
830 0 |a Medienumbrüche Ser. 
856 4 0 |u https://www.degruyterbrill.com/openurl?genre=book&isbn=9783839402801  |z Connect to the full text of this electronic book  |t 0 
936 |a BATCHLOAD 
955 |a De Gruyter Open Access ebooks 
994 |a 92  |b TXA 
999 f f |i e5a897e8-ed05-4490-99e0-7288a1462929  |s 973b4c93-d8f3-4ce2-a881-12b9afd50d28  |t 0 
952 f f |a Texas A&M University  |b College Station  |c Electronic Resources  |s www_evans  |d Available Online  |t 0  |e P94.5.M552   |h Library of Congress classification 
998 f f |a P94.5.M552   |t 0  |l Available Online